000 00661nam a2200241Ia 4500
003 OSt
005 20220924122723.0
006 a|||||r|||| 00| 0
007 ta
008 220923b |||||||| |||| 00| 0 urd d
024 _a284032
037 _cTextual
040 _aARTS
_cARTS
_burd
041 _2urd
_aurd
082 _aO168,1M02x, M3.1
100 _aMukhlis Ali Sahab
_9190483
245 0 _aMarsiyah Mirza Dabeer
260 _aLucknow
_bMatba Munshi Nawal Kishor India
_c1983
300 _a328+4p.
_ccm.
650 _aURDU LITERATURE
942 _hO168,1M02x, M3.1
_cTEXL
_2CC
999 _c412805
_d412805